000 01469naa a22003017a 4500
001 BR8502453
003 BR-BrBNA
005 20240918175610.0
007 ta
008 230509b bl.||||| |||| 00| 0 por d
040 _aBR-BrBNA
_bpor
_cBiblioteca Nacional de Agricultura
041 _a(Pt)
072 _aF08; P05
_b0336
_b1410
_b0120
090 _aF08 BR8502453
100 1 _aCasagrande, A.A.
111 1 _aSimposio sobre Energia na Agricultura
_cJaboticabal, SP (Brazil)
_d20-23 Feb 1984
245 1 _aConvivencia entre culturas energeticas e alimentares [soja, feijao, milho]
260 3 _aJaboticabal, SP (Brasil):
_c1985.
500 _aFerreira, M.E.; Pereira, V. de P.; Cruz, M.C.P. da (eds.) Energia na agricultura; tecnologias poupadoras de insumos, integracao de sistemas energeticos, producao de alimentos Jaboticabal, SP (Brasil): 1985. p. 471-495 (BR8502453-AM)F08
650 _aSOJA
650 _aFEIJAO
650 _aMILHO
650 _aCONSORCIACAO DE CULTURA
650 _aCULTURA ENERGETICA
773 0 _tEnergia na agricultura; tecnologias poupadoras de insumos, integracao de sistemas energeticos, producao de alimentos
_aFerreira, M.E.; Pereira, V. de P.; Cruz, M.C.P. da (eds.). Universidade Estadual Paulista Julio de Mesquita Filho, Jaboticabal, SP (Brasil). Faculdade de Ciencias Agrarias e Veterinarias
_wF08 BR8502453
_gJaboticabal, SP (Brasil), 1985. p. 471-495
909 _a202404
_bLucia
_c55
_dLucia Elande
942 _cAM
_2AGRIS
999 _c317401
_d317401